000 05094nam a22005177a 4500
005 20110628102913.0
010 _aENG-102674 B-453786-807
020 _c170.00
_a9788175415966
035 _aEN-86207 B-453786-807
037 _bDBAD / PUB
037 _bRBC/Ven
082 _a488.00711
100 _aSharma, Parveen
_942842
245 _aTeaching of English :
_cby Parveen Sharma
_bskills and methods /
260 _aDelhi
_bShipra Publications
_c2011
270 _aLG 18-19, Pankaj Central Market, Patparganj, I. P. Ext.,
_bDelhi
_e110092
300 _aviii,280p.
_c22cm (pbk)
500 _aIncludes bibliographical references
700 _928520
710 _928535
942 _2ddc
_cEN
_mSHA
_h488.00711
999 _c53283
_d53283